| 000 | 00494nam a2200205Ia 4500 | ||
|---|---|---|---|
| 003 | OSt | ||
| 005 | 20140313105314.0 | ||
| 008 | 140130s9999 xx 000 0 und d | ||
| 020 | _a9780439607247 | ||
| 050 |
_aPZ 7 _b.D1585Coc 2004 |
||
| 245 |
_aCock-a-moo-moo / _cJuliet Dallas-Conte. |
||
| 260 |
_bScholastic, _c2004. _aNew York : |
||
| 300 |
_a30 p. : _bcol. ill. ; _c26 cm. |
||
| 440 | _v1 | ||
| 521 | _aG1 | ||
| 526 | _c290 | ||
| 942 |
_cBK _2lcc |
||
| 999 |
_c40108 _d40108 |
||